000 00884nam a2200229 a 4500
003 DO-SdBNP
005 20260205110706.0
007 ta
008 220531e201? dr ad||grs||| 000 0 spa d
040 _aDO-SdBNP
_bspa
_cBNPHU
082 4 _222
_bR426i
110 2 _aConsejo Nacional de Educación Superior (República Dominicana)
_917074
245 1 0 _aInforme estadístico sector Zonas Francas 2014 /
_cCoordinador editorial, Jorge Montero; Fotografía y edición, Augusto Valdivia.
260 4 _aSanto Domingo :
_bValdivia,
_c2014?
300 _a79 p. :
_bil., retr.
_c28 cm.
500 _aIncluye indice de cuadros y gráficos.
590 _aInventariado 2022 / MF
610 4 _957964
_aRepública Dominicana
_bConsejo Nacional de Zonas Francas de Exportación.
_tInforme Estadístico
_y2014
650 0 _aInformes técnicos
_xRedacción
_97867
910 _aMFeliz
942 _2ddc
_cLBS1
999 _c51857
_d51857